00860nam a22001457a 4500003000900000005001700009008004100026040001300067100002800080245004900108250001100157260004700168300001900215518048000234IT-RoPau20220918181102.0130323b xxu||||| |||| 00| 0 eng d cIT-RoPau aIX Capitolo Provinciale aAtti e documenti del IX Capitolo Provinciale a1° ed aAriccia (Roma)bSSP Provincia Italiac1994 a102 pp.c21 cm aIndice Presentazione del Superiore provinciale Elenco Partecipanti Relazione Provincia Italia 1990-1994 del Sup. prov. uscente Lettera ai Fratelli della Provincia Italia del Sup. gen. Omelia di apertura del IX Cap. prov. - Sup. gen. Linee programmatiche del Sup. prov. Membri dei gruppi di lavoro Elaborati dei gruppi Testo finale del documento programmatico approvato dal Capitolo Verbale di elezione dei consiglieri prov. Omelia di chiusura del IX Cap. prov. - Sup. prov.